[Event "Xtracon Chess Open 2017"]
[Site "Helsingor DEN"]
[Date "2017.07.25"]
[Round "5.148"]
[White "Dahl, Max"]
[Black "Bex, Lennert"]
[Result "1/2-1/2"]
[WhiteElo "1660"]
[BlackElo "1900"]
[WhiteFideId "1526626"]
[BlackFideId "232254"]
[EventDate "2017.07.22"]

1. e4 d6 2. d4 g6 3. Nf3 Bg7 4. c3 Nf6 5. Bd3 Nc6 6. O-O O-O 7. Re1 Nh5 8. d5
Ne5 9. Nxe5 dxe5 10. Nd2 Nf4 11. Bf1 Bd7 12. Nb3 b6 13. Bxf4 exf4 14. Nd4 e5 15.
dxe6 fxe6 16. e5 c5 17. Nf3 Bc6 18. Qb3 Qe7 19. c4 Rad8 20. a4 g5 21. h3 h5 22.
Nh2 Qc7 23. a5 bxa5 24. Qa3 Qb6 25. Qxa5 Rd7 26. Qxb6 axb6 27. Be2 h4 28. Bf3
Bxf3 29. Nxf3 Rf5 30. Ra6 Rb7 31. Kf1 Kf7 32. Re2 Kg6 33. Ke1 Rf8 34. Kd2 Rd8+
35. Kc2 Kf5 36. Re1 Rh8 37. Kd3 Rd7+ 38. Kc2 Rb8 39. b3 Rdb7 40. Ra3 b5 41. cxb5
Rxb5 42. Ra7 R8b7 43. Rxb7 Rxb7 44. Kc3 Rb4 45. Kc2 Bh8 46. Re2 g4 47. hxg4+
Kxg4 48. Nh2+ Kf5 49. Nf3 Kg4 50. Nh2+ Kh5 51. Nf3 c4 52. bxc4 Rxc4+ 53. Kd3 Rc5
54. Ke4 Kg4 55. Nh2+ Kg5 56. Nf3+ Kg4 1/2-1/2

[Event "Xtracon Chess Open 2017"]
[Site "Helsingor DEN"]
[Date "2017.07.25"]
[Round "5.149"]
[White "Sundin, Sven-Ingvar"]
[Black "Stuhlmann, Alexander"]
[Result "1/2-1/2"]
[WhiteElo "1607"]
[BlackElo "1895"]
[WhiteFideId "1724517"]
[BlackFideId "12969788"]
[EventDate "2017.07.22"]

1. e4 c5 2. Nf3 Nc6 3. Bb5 g6 4. O-O Bg7 5. Bxc6 dxc6 6. e5 Qc7 7. d4 cxd4 8.
Qxd4 c5 9. Qc3 Bg4 10. Bf4 e6 11. Re1 Ne7 12. Bg3 O-O 13. Nbd2 Bxf3 14. Nxf3
Rfd8 15. Nd2 Rd5 16. f4 Rad8 17. Nc4 Nf5 18. Bf2 h5 19. Ne3 Nxe3 20. Bxe3 R8d7
21. a4 Bf8 22. Qc4 Qd8 23. Qe2 b6 24. g4 hxg4 25. Qxg4 Be7 26. b3 a6 27. Kh1 Qa8
28. Kg1 Qd8 29. Kh1 1/2-1/2

[Event "Xtracon Chess Open 2017"]
[Site "Helsingor DEN"]
[Date "2017.07.25"]
[Round "5.150"]
[White "Kashwan, Hassan"]
[Black "Christophersen, David"]
[Result "1-0"]
[WhiteElo "1892"]
[BlackElo "1741"]
[WhiteFideId "137122555"]
[BlackFideId "1413619"]
[EventDate "2017.07.22"]

1. d4 f5 2. Qd3 d6 3. Nc3 Nf6 4. Bg5 Nc6 5. O-O-O Bd7 6. e4 fxe4 7. Nxe4 d5 8.
Nc5 Qc8 9. Nxd7 Qxd7 10. g3 Ne4 11. Be3 e6 12. Qb3 Nd6 13. Nf3 Na5 14. Qc3 Qa4
15. Kb1 b5 16. b3 b4 17. Qc5 Ne4 18. Bb5+ c6 19. Bxa4 Bxc5 20. dxc5 Nc3+ 21. Ka1
Nxd1 22. Rxd1 Kd7 23. Bd4 Rhf8 24. Ne5+ Kc7 25. f4 g5 26. Nd3 h6 27. Re1 gxf4
28. Be5+ Kd7 29. Bxf4 h5 30. Nxb4 Rad8 31. Nd3 Rf5 32. Ne5+ Kc7 33. Nxc6+ Rxf4
34. Nxa5 1-0

[Event "Xtracon Chess Open 2017"]
[Site "Helsingor DEN"]
[Date "2017.07.25"]
[Round "5.151"]
[White "Rasmussen, Jonas H"]
[Black "Verboven, Arnout"]
[Result "1/2-1/2"]
[WhiteElo "1885"]
[BlackElo "1739"]
[WhiteFideId "1511637"]
[BlackFideId "236012"]
[EventDate "2017.07.22"]

1. d4 Nf6 2. c4 e6 3. Nc3 Bb4 4. Bd2 O-O 5. Nf3 d5 6. e3 c5 7. a3 Bxc3 8. Bxc3
Nbd7 9. Be2 dxc4 10. Bxc4 Ne4 11. Qc2 Ndf6 12. O-O b6 13. dxc5 Nxc5 14. Rad1 Qc7
15. Bxf6 gxf6 16. Bd3 f5 17. b4 Na6 18. Qe2 Nb8 19. Rc1 Qe7 20. Qb2 Nd7 21. Rfd1
Bb7 22. Be2 Rac8 23. Rxc8 Rxc8 24. Qd4 Nf8 25. h3 Bd5 1/2-1/2

[Event "Xtracon Chess Open 2017"]
[Site "Helsingor DEN"]
[Date "2017.07.25"]
[Round "5.152"]
[White "Palozza, Flavio"]
[Black "Myrheim, Hakon Abeland"]
[Result "1/2-1/2"]
[WhiteElo "1573"]
[BlackElo "1880"]
[WhiteFideId "2815740"]
[BlackFideId "1526820"]
[EventDate "2017.07.22"]

1. e4 c5 2. Nf3 g6 3. g3 Bg7 4. Bg2 Nc6 5. O-O d6 6. Nc3 e6 7. Re1 Nge7 8. d3
O-O 9. Be3 Nd4 10. Rb1 Rb8 11. Ne2 e5 12. c3 Nxe2+ 13. Qxe2 f5 14. Qd2 Qe8 15.
Rbd1 fxe4 16. dxe4 Bg4 17. Qxd6 Bxf3 18. Bxf3 Rxf3 19. Bxc5 Nc6 20. Qd7 Qxd7 21.
Rxd7 b6 22. Bd6 Rd8 23. Rxd8+ Nxd8 24. Rd1 Nc6 25. Ba3 Na5 26. Rd8+ Bf8 27. Ra8
Nc6 28. Rc8 Na5 29. Bd6 Nb7 30. Bxe5 Nc5 31. Kg2 Rd3 32. Bf4 Kf7 33. f3 Ne6 34.
Ra8 Nxf4+ 35. gxf4 Rd2+ 36. Kg3 a5 37. b3 Rxa2 38. Rb8 Bc5 39. b4 axb4 40. cxb4
Bf2+ 41. Kg4 Ra7 42. f5 Kf6 43. Rf8+ Kg7 44. Rc8 Be3 45. e5 h5+ 46. Kh4 gxf5 47.
Kxh5 Bf4 48. Rc6 Bxe5 49. Rxb6 Bxh2 50. Kg5 f4 1/2-1/2

[Event "Xtracon Chess Open 2017"]
[Site "Helsingor DEN"]
[Date "2017.07.25"]
[Round "5.153"]
[White "Gula, Julian"]
[Black "Kumpen, Jona"]
[Result "1-0"]
[WhiteElo "1869"]
[BlackElo "1711"]
[WhiteFideId "12954799"]
[BlackFideId "238520"]
[EventDate "2017.07.22"]

1. e4 e6 2. d4 d5 3. Nc3 Nf6 4. Bg5 Be7 5. e5 Nfd7 6. h4 a6 7. Qg4 c5 8. Bxe7
Qxe7 9. Qxg7 Rf8 10. Nf3 Nc6 11. O-O-O b5 12. dxc5 Nxc5 13. Ng5 b4 14. Ne2 Ne4
15. Nxe4 dxe4 16. Ng3 f6 17. exf6 Qxf6 18. Qxf6 Rxf6 19. Nxe4 Rf4 20. f3 Ke7 21.
Be2 a5 22. g3 Rf8 23. f4 Ra7 24. Bb5 Bd7 25. Nc5 Ne5 26. Nxd7 Nxd7 27. Rhe1 Nc5
28. Re5 Nd7 29. Bxd7 Rxd7 30. Rxa5 1-0

[Event "Xtracon Chess Open 2017"]
[Site "Helsingor DEN"]
[Date "2017.07.25"]
[Round "5.154"]
[White "Skjoldager, Morten"]
[Black "Kopperberg, Steen"]
[Result "0-1"]
[WhiteElo "1538"]
[BlackElo "1864"]
[WhiteFideId "1434322"]
[BlackFideId "1433768"]
[EventDate "2017.07.22"]

1. e4 e6 2. d4 d5 3. exd5 exd5 4. Bd3 Bd6 5. Nf3 Ne7 6. Nbd2 Bf5 7. Qe2 O-O 8.
O-O Nd7 9. Nb3 Re8 10. Bg5 Bxd3 11. Qxd3 c6 12. Rfe1 f6 13. Bh4 Ng6 14. Rxe8+
Qxe8 15. Re1 Qf7 16. Na5 Bb4 17. Nxb7 Bxe1 18. c3 Nxh4 19. Nxh4 Qe6 20. Nf5 Qe4
21. Qh3 Bd2 22. g3 Nf8 23. Nbd6 Qe2 24. f4 Be3+ 25. Kh1 Qf3+ 26. Qg2 Qd1+ 0-1

[Event "Xtracon Chess Open 2017"]
[Site "Helsingor DEN"]
[Date "2017.07.25"]
[Round "5.155"]
[White "Nielsen, Aage Sondergaard"]
[Black "Sorensen, Viggo"]
[Result "1-0"]
[WhiteElo "1861"]
[BlackElo "1680"]
[WhiteFideId "1409859"]
[BlackFideId "1437410"]
[EventDate "2017.07.22"]

1. e4 c5 2. Nc3 Nc6 3. Nf3 e5 4. Bb5 d6 5. Nd5 Nf6 6. Qe2 a6 7. Bd3 Bg4 8. c3
Be7 9. Bc2 O-O 10. d3 Rc8 11. Ne3 Bh5 12. h3 d5 13. g4 Bg6 14. Nf5 dxe4 15. dxe4
Re8 16. Bd2 Qb6 17. O-O-O Qa5 18. Kb1 b5 19. Rdg1 c4 20. h4 Bc5 21. a3 Rb8 22.
Kc1 Bxa3 23. bxa3 Qxa3+ 24. Kd1 Qa1+ 25. Bc1 Rbd8+ 26. Nd2 Qxc3 27. Rg3 Qa5 28.
Ke1 Bxf5 29. gxf5 Nd4 30. Qd1 c3 31. Nf1 Nxf5 32. Rd3 Nd4 33. Rhh3 Nxe4 34. Rhe3
f5 35. f3 Nxc2+ 36. Qxc2 Rxd3 37. Rxd3 Nf6 38. Qb3+ Kf8 39. Ba3+ b4 40. Bxb4+
Qxb4 41. Qxb4+ 1-0

[Event "Xtracon Chess Open 2017"]
[Site "Helsingor DEN"]
[Date "2017.07.25"]
[Round "5.156"]
[White "Andersen, Dag"]
[Black "Rygg, Andreas Gangstad"]
[Result "1/2-1/2"]
[WhiteElo "1855"]
[BlackElo "1633"]
[WhiteFideId "1504568"]
[BlackFideId "1527754"]
[EventDate "2017.07.22"]

1. d4 f5 2. g3 Nf6 3. Bg2 g6 4. c4 d6 5. Nf3 Bg7 6. Nc3 O-O 7. O-O c6 8. Qc2 Qe8
9. d5 e5 10. dxe6 Bxe6 11. b3 Na6 12. a3 Nc5 13. Bb2 Rd8 14. Rad1 Nfe4 15. Nd4
Bf7 16. e3 Nxc3 17. Bxc3 d5 18. cxd5 Bxd5 19. Bxd5+ Rxd5 20. Bb4 b6 21. Ne2 Rf7
22. Rxd5 cxd5 23. Bxc5 Rc7 24. Qd3 Rxc5 25. b4 Rc8 26. Qxd5+ Qf7 27. Rd1 Qxd5
28. Rxd5 Rc7 29. Nd4 Kf7 30. Kg2 Ke7 31. Kf3 a6 32. b5 a5 33. Nc6+ Ke6 34. Rd3
Rd7 35. Nd8+ Ke7 36. Nc6+ 1/2-1/2

[Event "Xtracon Chess Open 2017"]
[Site "Helsingor DEN"]
[Date "2017.07.25"]
[Round "5.157"]
[White "Hansen, Verner"]
[Black "Ski, Alexander K."]
[Result "1-0"]
[WhiteElo "1855"]
[BlackElo "1658"]
[WhiteFideId "1425285"]
[BlackFideId "1521659"]
[EventDate "2017.07.22"]

1. e4 e5 2. Nf3 d6 3. d4 exd4 4. Nxd4 Nf6 5. Nc3 Be7 6. Bd3 c5 7. Nf3 Bg4 8. O-O
O-O 9. Re1 Nc6 10. Be2 Re8 11. h3 Bh5 12. Bf4 Bf8 13. Nd2 Bxe2 14. Rxe2 a6 15.
Nc4 Nd4 16. Re3 b5 17. Nd2 Qb6 18. Nd5 Nxd5 19. exd5 Qb7 20. c3 Nf5 21. Rxe8
Rxe8 22. Nf3 b4 23. c4 Qd7 24. Qd3 Ne7 25. Ng5 Ng6 26. Bd2 h6 27. Ne4 Qf5 28.
Nxc5 Qf6 29. Ne4 Qxb2 30. Re1 Qxa2 31. Nf6+ gxf6 32. Rxe8 b3 33. Rb8 Qa1+ 34.
Kh2 Qe5+ 35. g3 b2 36. Bc3 Qe7 37. Rxb2 Bg7 38. Qf5 Qc7 39. Qd3 Ne5 40. Bxe5
fxe5 41. Qb3 Bf8 42. Ra2 Qc5 43. Kg2 a5 44. Qc3 Bg7 45. Rxa5 Qc8 46. Qb3 Qf5 47.
Qf3 Qg6 48. Ra8+ Kh7 49. g4 h5 50. Qf5 hxg4 51. Qxg6+ Kxg6 52. hxg4 Kf6 53. Re8
Bh6 54. Kf3 Bd2 55. Ke4 Bb4 56. Rg8 Bc5 57. g5+ Ke7 58. f3 Bd4 59. Kf5 Bc5 60.
g6 fxg6+ 61. Rxg6 Kd7 62. Rg7+ Kc8 63. Ke6 Bb4 64. Rd7 Ba5 65. Rxd6 Bc3 66. Rb6
Kc7 67. Rb3 Bd4 68. d6+ Kc8 69. c5 e4 70. fxe4 Bf2 71. Rf3 Bh4 72. c6 Kb8 73.
Rf8+ Ka7 74. c7 1-0

[Event "Xtracon Chess Open 2017"]
[Site "Helsingor DEN"]
[Date "2017.07.25"]
[Round "5.158"]
[White "Stokhaug, Jon Arne"]
[Black "Damm-Frydenberg, Anders"]
[Result "1-0"]
[WhiteElo "1847"]
[BlackElo "1614"]
[WhiteFideId "1506781"]
[BlackFideId "1462970"]
[EventDate "2017.07.22"]

1. Nf3 d5 2. g3 Nf6 3. d4 c6 4. Bg2 Bf5 5. O-O Nbd7 6. Nbd2 h6 7. c4 e6 8. b3
Bd6 9. Bb2 O-O 10. Re1 Ne4 11. Nxe4 Bxe4 12. Nd2 Bxg2 13. Kxg2 f5 14. e3 Nf6 15.
f3 Qc7 16. e4 fxe4 17. fxe4 Bb4 18. exd5 exd5 19. Re2 Bxd2 20. Qxd2 Ne4 21. Qd3
Rf5 22. Bc1 Raf8 23. Bf4 Qb6 24. Rae1 g5 25. Be5 Rf3 26. Qxf3 Rxf3 27. Kxf3 Qd8
28. Kg2 Qd7 29. h3 h5 30. Rf1 g4 31. h4 Qe6 32. Rf4 a6 33. cxd5 cxd5 34. Rc2 Qd7
35. Rc7 Qb5 36. Rg7+ 1-0

[Event "Xtracon Chess Open 2017"]
[Site "Helsingor DEN"]
[Date "2017.07.25"]
[Round "5.159"]
[White "Hansen, Ib Lynaes"]
[Black "Nilssen, Steinar"]
[Result "1-0"]
[WhiteElo "1839"]
[BlackElo "1608"]
[WhiteFideId "1407511"]
[BlackFideId "1525620"]
[EventDate "2017.07.22"]

1. d4 Nf6 2. c4 g6 3. Nc3 Bg7 4. e4 d6 5. Nf3 O-O 6. Be2 c5 7. d5 a6 8. O-O e6
9. Qc2 exd5 10. exd5 Bf5 11. Bd3 Bxd3 12. Qxd3 Re8 13. Bd2 b6 14. Rae1 Nbd7 15.
b3 Qc7 16. h3 Nf8 17. Ne4 Nxe4 18. Rxe4 Rxe4 19. Qxe4 Nd7 20. Re1 Ne5 21. Nxe5
Re8 22. f4 f6 23. Qd3 fxe5 24. fxe5 Rxe5 25. Rf1 Qe7 26. Rf3 Re4 27. Bc3 Bxc3
28. Qxc3 Re5 29. a4 a5 30. Rf1 Qg5 31. Qf3 Rf5 32. Qe2 Rxf1+ 33. Kxf1 Qf4+ 34.
Kg1 Qd4+ 35. Kh1 Qa1+ 36. Kh2 Qe5+ 37. Qxe5 dxe5 38. Kg3 Kf7 39. Kf3 Kf6 40. Ke4
h6 41. h4 g5 42. hxg5+ hxg5 43. g4 Kf7 44. Kxe5 Ke7 1-0

[Event "Xtracon Chess Open 2017"]
[Site "Helsingor DEN"]
[Date "2017.07.25"]
[Round "5.160"]
[White "Narheim, Mats"]
[Black "Satre, Roger"]
[Result "0-1"]
[WhiteElo "1519"]
[BlackElo "1832"]
[WhiteFideId "1518607"]
[BlackFideId "1510320"]
[EventDate "2017.07.22"]

1. e4 c5 2. Nc3 Nc6 3. Bb5 e6 4. Bxc6 bxc6 5. f4 d5 6. e5 f5 7. Nf3 Nh6 8. d3
Be7 9. O-O O-O 10. Qe2 Ba6 11. Ng5 Qd7 12. Rf3 Nf7 13. Rg3 g6 14. Rh3 Nxg5 15.
fxg5 Rab8 16. a3 Rf7 17. Rh6 Qd8 18. h4 Bf8 19. h5 Bxh6 20. gxh6 g5 21. Qf2 f4
22. Na4 c4 23. d4 Qf8 24. Nc5 Bc8 25. Qf3 Qxh6 26. Qg4 Rf5 27. a4 Qg7 28. a5 h6
29. a6 Rb5 30. Ra2 Rxc5 31. dxc5 Qxe5 32. Bd2 Qd4+ 0-1

[Event "Xtracon Chess Open 2017"]
[Site "Helsingor DEN"]
[Date "2017.07.25"]
[Round "5.161"]
[White "Kvamme, Ingrid Jodre"]
[Black "Rasmussen, Henrik"]
[Result "1/2-1/2"]
[WhiteElo "1512"]
[BlackElo "1822"]
[WhiteFideId "1516981"]
[BlackFideId "1437011"]
[EventDate "2017.07.22"]

1. Nf3 f5 2. g3 Nf6 3. Bg2 g6 4. c4 d5 5. cxd5 Nxd5 6. Nc3 c6 7. d4 Bg7 8. Nxd5
cxd5 9. O-O Nc6 10. Bf4 Qb6 11. Rb1 e6 12. Be5 O-O 13. e3 Bd7 14. Qd2 Rfc8 15.
Rfc1 Qb4 16. Bxg7 Qxd2 17. Nxd2 Kxg7 1/2-1/2

[Event "Xtracon Chess Open 2017"]
[Site "Helsingor DEN"]
[Date "2017.07.25"]
[Round "5.162"]
[White "Nielsen, Kai Gylling"]
[Black "Tonnesen, Jan Ryder"]
[Result "1-0"]
[WhiteElo "1808"]
[BlackElo "1575"]
[WhiteFideId "1406400"]
[BlackFideId "1461869"]
[EventDate "2017.07.22"]

1. d4 d5 2. c4 e6 3. Nf3 Nf6 4. Nc3 Nc6 5. Bg5 Be7 6. e3 h6 7. Bh4 O-O 8. a3 b6
9. b4 a6 10. Bd3 dxc4 11. Bxc4 b5 12. Bb3 Nd7 13. Bg3 Bd6 14. Rc1 Bxg3 15. hxg3
Nf6 16. Qd3 Re8 17. Ne4 Bb7 18. Nxf6+ Qxf6 19. Bc2 Ne7 20. Qh7+ Kf8 21. Ne5 Red8
22. Rh4 Nf5 23. Bxf5 Qxf5 24. Qh8+ Ke7 25. Qxg7 c5 26. Rf4 1-0

[Event "Xtracon Chess Open 2017"]
[Site "Helsingor DEN"]
[Date "2017.07.25"]
[Round "5.163"]
[White "Haugaard, Thomas"]
[Black "Shehzad, Alisha"]
[Result "0-1"]
[WhiteElo "1797"]
[BlackElo "1573"]
[WhiteFideId "1414330"]
[BlackFideId "1521926"]
[EventDate "2017.07.22"]

1. d4 d5 2. c4 c6 3. Nf3 Nf6 4. Nc3 e6 5. e3 Nbd7 6. Be2 dxc4 7. Bxc4 b5 8. Be2
Bb7 9. O-O a6 10. b3 Be7 11. Bb2 O-O 12. Qc2 c5 13. Rfd1 Qb6 14. Rac1 Rac8 15.
Qb1 Rfd8 16. Ba3 b4 17. Na4 Qa7 18. Bb2 Nd5 19. dxc5 Bc6 20. Bd4 Bxa4 21. bxa4
Bxc5 22. Bxc5 Nxc5 23. Rd4 Nxa4 24. Rxc8 Rxc8 25. Rh4 g6 26. Qb3 Rc1+ 27. Bf1
Nac3 28. Qc4 a5 29. e4 Ne3 30. fxe3 Qxe3+ 31. Kh1 Ne2 0-1

[Event "Xtracon Chess Open 2017"]
[Site "Helsingor DEN"]
[Date "2017.07.25"]
[Round "5.164"]
[White "Erikstad, Olav"]
[Black "Cuyx, Tomas"]
[Result "0-1"]
[WhiteElo "1781"]
[BlackElo "1495"]
[WhiteFideId "1504983"]
[BlackFideId "244619"]
[EventDate "2017.07.22"]

1. d4 Nf6 2. c4 c5 3. Nf3 e6 4. Nc3 cxd4 5. Nxd4 Nc6 6. e4 Bb4 7. Nb5 Nxe4 8.
Qg4 Nxc3 9. bxc3 Qf6 10. Bb2 O-O 11. Rb1 Bc5 12. Qg3 Qe5+ 13. Qxe5 Nxe5 14. Ba3
Bxa3 15. Nxa3 b6 16. Nb5 Bb7 17. Nd6 Bc6 18. Kd2 Rfd8 19. f3 Kf8 20. Be2 Ke7 21.
Nb5 Bxb5 22. cxb5 Rac8 23. Rb4 Rc7 24. f4 Ng6 25. Rf1 Nh4 26. g3 Nf5 27. g4 Nd6
28. f5 Rdc8 29. fxe6 dxe6 30. Rf3 Nc4+ 31. Kc2 Ne5 32. Re3 Nc4 33. Rf3 Ne5 34.
Re3 Nc4 35. Rh3 h6 36. Ra4 Nd6 37. Kb3 Nb7 38. Rd4 Rd7 39. Rxd7+ Kxd7 40. Bf3
Na5+ 41. Kc2 Kd6 42. Bg2 Rc5 43. Rd3+ Ke7 44. a4 Rc4 45. Rd4 Rxd4 46. cxd4 Nc4
47. Kc3 Ne3 48. Bf3 Nd5+ 49. Kc4 Kd6 50. Kd3 e5 51. Kc4 Nf4 52. dxe5+ Kxe5 53.
Kb4 Nd5+ 54. Kc4 Ne3+ 55. Kb4 Kf4 56. Bc6 Nxg4 57. a5 Ke5 58. h3 Ne3 59. a6 Nd5+
60. Kc4 Nc7 61. Kd3 Kd6 62. Kd4 f5 63. Ke3 Nxa6 64. Kf4 Nb4 65. Kxf5 Nxc6 66.
bxc6 a5 0-1

[Event "Xtracon Chess Open 2017"]
[Site "Helsingor DEN"]
[Date "2017.07.25"]
[Round "5.165"]
[White "Wiberg, Jonas"]
[Black "Lenaerts, Robbe"]
[Result "0-1"]
[WhiteElo "1773"]
[BlackElo "1386"]
[WhiteFideId "1720090"]
[BlackFideId "236853"]
[EventDate "2017.07.22"]

1. b3 d5 2. Bb2 e6 3. e3 Nf6 4. d4 Bd6 5. Nf3 O-O 6. Nbd2 b6 7. Bd3 Bb7 8. O-O
Nbd7 9. Rc1 Ne4 10. c4 Nxd2 11. Nxd2 c5 12. cxd5 Bxd5 13. e4 Bb7 14. e5 Be7 15.
f4 cxd4 16. Nf3 Bxf3 17. Rxf3 Bc5 18. a3 a5 19. Qe1 f6 20. exf6 Nxf6 21. Qxe6+
Kh8 22. Qh3 Qd5 23. Rcf1 Rae8 24. Bc4 Qe4 25. Bd3 Qd5 26. Bc1 Re3 27. Bc4 Qe4
28. Kh1 Re8 29. Bxe3 dxe3 30. Re1 Qc2 31. g3 e2 32. g4 Qd1 33. Qh4 Nxg4 34. Bd3
Nf2+ 35. Rxf2 Qxe1+ 0-1

[Event "Xtracon Chess Open 2017"]
[Site "Helsingor DEN"]
[Date "2017.07.25"]
[Round "5.166"]
[White "Damm, Henrik"]
[Black "Ski, Jonathan K."]
[Result "0-1"]
[WhiteElo "1506"]
[BlackElo "1771"]
[WhiteFideId "1425013"]
[BlackFideId "1521667"]
[EventDate "2017.07.22"]

1. c4 e5 2. Nc3 Bb4 3. g3 Nf6 4. Bg2 O-O 5. d3 Nc6 6. Bd2 d6 7. Nf3 Re8 8. O-O
h6 9. a3 Bxc3 10. Bxc3 e4 11. Ne1 e3 12. fxe3 Ng4 13. Nc2 Nxe3 14. Nxe3 Rxe3 15.
Rf2 Bg4 16. Qf1 Qe7 17. Bf3 Bxf3 18. exf3 Re8 19. Rc2 Ne5 20. Bxe5 Qxe5 21. f4
Qd4 22. Rf2 Rxd3 23. Rc1 Rd2 24. Kg2 Qxb2 25. Re1 Rxe1 26. Qxe1 Rxf2+ 27. Qxf2
Qxf2+ 28. Kxf2 f5 29. Ke3 Kf7 30. Kd3 Ke6 31. Kd4 c5+ 32. Kc3 d5 33. a4 dxc4 34.
Kxc4 Kd6 35. a5 Kc6 0-1

[Event "Xtracon Chess Open 2017"]
[Site "Helsingor DEN"]
[Date "2017.07.25"]
[Round "5.168"]
[White "Kistrup, Nicolai"]
[Black "Matsumura, Cocoro"]
[Result "1-0"]
[WhiteElo "2177"]
[BlackElo "1621"]
[WhiteFideId "1444816"]
[BlackFideId "36087114"]
[EventDate "2017.07.22"]

1. d4 Nf6 2. Nf3 c5 3. d5 d6 4. Nc3 e6 5. e4 a6 6. a4 exd5 7. Nxd5 Be6 8. Bg5
Nbd7 9. Bc4 h6 10. Nxf6+ Nxf6 11. Bxe6 fxe6 12. Bxf6 Qxf6 13. e5 Qg6 14. exd6
O-O-O 15. d7+ Kc7 16. O-O Bd6 17. Qe2 Rxd7 18. Rfe1 Re7 19. Rad1 Rd8 20. Qc4
Red7 21. Kf1 Re8 22. Ne5 Bxe5 23. Qxc5+ Kd8 24. Rxd7+ Kxd7 25. Rd1+ 1-0

[Event "Xtracon Chess Open 2017"]
[Site "Helsingor DEN"]
[Date "2017.07.25"]
[Round "5.169"]
[White "Mejvik, Jacob"]
[Black "Gaure, Sigurd Lauvas"]
[Result "1-0"]
[WhiteElo "2085"]
[BlackElo "1619"]
[WhiteFideId "1710621"]
[BlackFideId "1524933"]
[EventDate "2017.07.22"]

1. d4 Nf6 2. Bg5 h6 3. Bxf6 exf6 4. g3 d5 5. Bg2 Be6 6. e3 c5 7. c3 Nc6 8. Nd2
Be7 9. Ne2 O-O 10. dxc5 Bxc5 11. Nb3 Bb6 12. Nf4 Ne7 13. O-O Bc7 14. Nxe6 fxe6
15. Nd4 Qc8 16. Bh3 Nf5 17. Nxf5 exf5 18. Qxd5+ Kh8 19. Bxf5 Qe8 20. Qxb7 Qe5
21. Qf3 Rab8 22. b3 Qxc3 23. Rac1 Qa5 24. Qh5 Rb5 25. e4 Bd6 26. Qg6 Rxf5 27.
Qxf5 Qxa2 28. Rfd1 Ba3 29. Rc7 Qxb3 30. Rdd7 Rg8 31. Qg6 Bf8 32. Qxh6+ gxh6 33.
Rh7# 1-0

[Event "Xtracon Chess Open 2017"]
[Site "Helsingor DEN"]
[Date "2017.07.25"]
[Round "5.170"]
[White "Kristensen, Thomas Overgaard"]
[Black "Dittrich, Tom"]
[Result "1/2-1/2"]
[WhiteElo "1610"]
[BlackElo "1943"]
[WhiteFideId "1419803"]
[BlackFideId "12923532"]
[EventDate "2017.07.22"]

1. d4 Nf6 2. c4 e6 3. Nc3 Bb4 4. e3 O-O 5. Bd3 c5 6. a3 cxd4 7. exd4 Be7 8. Nge2
b6 9. O-O Bb7 10. b3 d5 11. Bb2 Nc6 12. Kh1 Rc8 13. f3 dxc4 14. bxc4 Na5 15. Bc1
Nxc4 16. Ne4 Nd6 17. Ng5 h6 1/2-1/2

[Event "Xtracon Chess Open 2017"]
[Site "Helsingor DEN"]
[Date "2017.07.25"]
[Round "5.171"]
[White "Maselli, Daniel"]
[Black "Christensen, John Christopher Hojstrup"]
[Result "1/2-1/2"]
[WhiteElo "1914"]
[BlackElo "1603"]
[WhiteFideId "2814140"]
[BlackFideId "1453947"]
[EventDate "2017.07.22"]

1. d4 d5 2. Nf3 Nf6 3. Bg5 e6 4. e3 Be7 5. Bd3 O-O 6. O-O Nbd7 7. Nbd2 c5 8. c3
h6 9. Bh4 c4 10. Bc2 b5 11. a3 Bb7 12. Qe2 Ne4 13. Bxe7 Qxe7 14. Nxe4 dxe4 15.
Nd2 f5 16. f3 exf3 17. Nxf3 Rad8 18. e4 f4 19. e5 Nb6 20. Nd2 Nd5 21. Qe4 Rf5
22. Qe2 Rff8 23. Be4 Ne3 24. Rf3 a5 1/2-1/2

[Event "Xtracon Chess Open 2017"]
[Site "Helsingor DEN"]
[Date "2017.07.25"]
[Round "5.172"]
[White "Westerlund, Ola"]
[Black "Joensen, Jon Magnus"]
[Result "1-0"]
[WhiteElo "1910"]
[BlackElo "1600"]
[WhiteFideId "1712101"]
[BlackFideId "7201915"]
[EventDate "2017.07.22"]

1. d4 d5 2. c4 e6 3. Nc3 Nf6 4. cxd5 exd5 5. Bg5 Be7 6. Qc2 c6 7. e3 O-O 8. Bd3
h6 9. Bh4 Be6 10. Nge2 Nbd7 11. O-O Ne8 12. Bg3 Ndf6 13. f3 Bd6 14. Rae1 Bxg3
15. Nxg3 Nd7 16. Kh1 Nd6 17. e4 dxe4 18. fxe4 Bc4 19. e5 Bxd3 20. Qxd3 Nc8 21.
Nf5 Ne7 22. Nd6 b6 23. Qe4 f6 24. exf6 Nc8 25. Qe6+ Kh7 26. Nf7 Rxf7 27. Qxf7
Nxf6 28. Re6 Nd6 29. Qe7 Qxe7 30. Rxe7 Kg6 31. Rc7 Rc8 32. Rxa7 Nf5 33. Rb7 b5
34. d5 Ne3 35. Rf3 Nexd5 36. Rg3+ Kf5 37. Rf3+ Kg6 38. Rg3+ Kf5 39. Nxd5 cxd5
40. Rf3+ Ke4 41. Rc3 Re8 42. Rxb5 Kf4 43. Rb4+ Kg5 44. h4+ Kh5 45. Kh2 Ng4+ 46.
Kg3 Nf6 47. Rc5 Re4 48. Rxd5+ Kg6 49. Rxe4 Nxe4+ 50. Kf4 Nf6 51. Rd6 Kf7 52.
Rxf6+ Kxf6 53. a4 1-0

[Event "Xtracon Chess Open 2017"]
[Site "Helsingor DEN"]
[Date "2017.07.25"]
[Round "5.173"]
[White "Aasen, Kjetil Myrlid"]
[Black "Tryggestad, Linnea Garberg"]
[Result "1-0"]
[WhiteElo "1881"]
[BlackElo "1597"]
[WhiteFideId "1539027"]
[BlackFideId "1518623"]
[EventDate "2017.07.22"]

1. e4 c6 2. d4 d5 3. Nc3 dxe4 4. Nxe4 Bf5 5. Ng3 Bg6 6. h4 h6 7. Nf3 Nf6 8. h5
Bh7 9. Bd3 Bxd3 10. Qxd3 e6 11. Bd2 Bd6 12. Ne4 Nxe4 13. Qxe4 Nd7 14. O-O-O Nf6
15. Qe2 Qe7 16. Kb1 O-O-O 17. c4 Rhe8 18. Bc3 c5 19. Qc2 b6 20. Qa4 Ne4 21. Be1
Qd7 22. Qc2 f5 23. dxc5 Nxc5 24. b4 Ne4 25. b5 Qc7 26. Nd4 Be5 27. Nc6 Rxd1+ 28.
Qxd1 Nc3+ 29. Bxc3 Bxc3 30. Qd3 Bf6 31. Qa3 a5 32. Qf3 Qf7 33. Rd1 Qc7 34. Rd3
Qf7 35. Nxa5 Qc7 36. Nc6 Qh2 37. Ra3 Qg1+ 38. Kc2 Bg5 39. Ra8+ Kc7 40. Ra7+ Kc8
41. Ra8+ Kc7 42. Ra7+ Kc8 43. Qd3 Qxf2+ 44. Kb3 Bf6 45. Qd7# 1-0